00508nam a2200193 a 4500001001300000003000900013005001700022008004100039020002200080082001600102100001900118245003400137260005000171300001100221500003500232505001000267650001800277700001900295nice12345678IN_TiNIC20260116013101.0050524s1988 cama grp 000 0 eng  a0521523 c2500a297.09bLAP aLapidus, Ira M aHistory of Islamic Societies. aCambridge bCambridge University Press c1988 a1002p. aincludes index and biblioraphy2 aIndex aIslam-History1 aLapidus, Ira M